[Event "European Youth Chess Championship B14"]
[Site "Prague, Top Hotel Prague"]
[Date "2012.08.19"]
[Round "3.1"]
[White "Artemiev, Vladislav"]
[Black "Grigorian, Spartak"]
[Result "1-0"]
[WhiteElo "2476"]
[BlackElo "2118"]
[PlyCount "0"]
[EventDate "2012.08.17"]

1. c4 {[%clk 1:30:58]} e5 {[%clk 1:30:49]} 2. g3 {[%clk 1:31:20]} c6
{[%clk 1:30:57]} 3. Bg2 {[%clk 1:29:50]} Nf6 {[%clk 1:31:15]} 4. d4
{[%clk 1:30:05]} Bb4+ {[%clk 1:31:35]} 5. Bd2 {[%clk 1:30:26]} Bxd2+
{[%clk 1:31:53]} 6. Qxd2 {[%clk 1:30:53]} d6 {[%clk 1:31:34]} 7. Nc3
{[%clk 1:30:42]} Nbd7 {[%clk 1:30:53]} 8. e3 {[%clk 1:28:36]} Qe7
{[%clk 1:30:47]} 9. Nge2 {[%clk 1:28:42]} Nb6 {[%clk 1:25:53]} 10. b3
{[%clk 1:28:27]} e4 {[%clk 1:25:03]} 11. O-O {[%clk 1:27:03]} h5 {[%clk 1:25:02]}
12. f3 {[%clk 1:26:21]} exf3 {[%clk 1:12:35]} 13. Rxf3 {[%clk 1:25:47]} Bg4
{[%clk 1:08:31]} 14. Rf4 {[%clk 1:25:07]} O-O {[%clk 0:59:04]} 15. e4
{[%clk 1:10:29]} Rfe8 {[%clk 0:55:42]} 16. Raf1 {[%clk 1:09:31]} Nbd7
{[%clk 0:40:55]} 17. Nc1 {[%clk 1:00:35]} Nf8 {[%clk 0:39:16]} 18. Nd3
{[%clk 0:58:22]} Ng6 {[%clk 0:34:02]} 19. R4f2 {[%clk 0:57:24]} h4
{[%clk 0:20:39]} 20. gxh4 {[%clk 0:45:00]} Qd7 {[%clk 0:07:16]} 21. Qg5
{[%clk 0:44:29]} Nh7 {[%clk 0:06:57]} 22. Qe3 {[%clk 0:44:48]} Rf8
{[%clk 0:04:32]} 23. h3 {[%clk 0:44:09]} Bh5 {[%clk 0:03:28]} 24. Rf5
{[%clk 0:44:32]} Nf6 {[%clk 0:03:32]} 25. Qg5 {[%clk 0:39:01]} Rae8
{[%clk 0:01:15]} 26. Rxf6 {[%clk 0:36:34]} gxf6 {[%clk 0:01:37]} 27. Qxh5
{[%clk 0:37:02]} Kg7 {[%clk 0:02:00]} 28. Qf3 {[%clk 0:37:16]} Re6
{[%clk 0:00:36]} 29. h5 {[%clk 0:37:43]} Nh8 {[%clk 0:00:44]} 30. Qg4+
{[%clk 0:35:36]} Kh7 {[%clk 0:00:36]} 31. Qf5+ {[%clk 0:29:58]} Kg8
{[%clk 0:00:49]} 32. Qg4+ {[%clk 0:30:18]} Kh7 {[%clk 0:01:12]} 33. e5
{[%clk 0:29:33]} dxe5 {[%clk 0:00:53]} 34. Be4+ {[%clk 0:29:13]} Kh6
{[%clk 0:01:13]} 35. Rxf6+ {[%clk 0:29:09]} Ng6 {[%clk 0:01:09]} 36. hxg6
{[%clk 0:29:29]} Qxd4+ {[%clk 0:01:17]} 37. Kg2 {[%clk 0:29:09]} Kg7
{[%clk 0:00:56]} 38. Qh4 {[%clk 0:25:55]} 1-0

[Event "European Youth Chess Championship B14"]
[Site "Prague, Top Hotel Prague"]
[Date "2012.08.19"]
[Round "3.2"]
[White "Pak, Alexander"]
[Black "Duda, Jan-Krzysztof"]
[Result "0-1"]
[WhiteElo "2104"]
[BlackElo "2411"]
[PlyCount "0"]
[EventDate "2012.08.17"]

1. e4 {[%clk 1:30:55]} e5 {[%clk 1:30:55]} 2. Nf3 {[%clk 1:31:10]} Nc6
{[%clk 1:31:19]} 3. Bb5 {[%clk 1:31:14]} a6 {[%clk 1:31:39]} 4. Ba4
{[%clk 1:31:29]} Nf6 {[%clk 1:32:02]} 5. O-O {[%clk 1:31:33]} Be7
{[%clk 1:32:18]} 6. Re1 {[%clk 1:31:36]} b5 {[%clk 1:32:28]} 7. Bb3
{[%clk 1:31:53]} d6 {[%clk 1:32:45]} 8. c3 {[%clk 1:31:59]} O-O {[%clk 1:33:02]}
9. h3 {[%clk 1:32:09]} Nd7 {[%clk 1:33:18]} 10. d4 {[%clk 1:28:54]} Bf6
{[%clk 1:32:59]} 11. Be3 {[%clk 1:21:30]} Na5 {[%clk 1:30:32]} 12. d5
{[%clk 1:16:30]} Nxb3 {[%clk 1:28:27]} 13. axb3 {[%clk 1:16:41]} Be7
{[%clk 1:23:20]} 14. Nbd2 {[%clk 1:14:19]} Bb7 {[%clk 1:22:45]} 15. Nf1
{[%clk 1:11:05]} c6 {[%clk 1:19:29]} 16. c4 {[%clk 1:06:51]} cxd5
{[%clk 1:18:20]} 17. cxd5 {[%clk 1:06:04]} f5 {[%clk 1:10:21]} 18. exf5
{[%clk 1:02:37]} Nf6 {[%clk 1:08:22]} 19. Ng5 {[%clk 0:58:58]} Qd7
{[%clk 1:04:58]} 20. Ng3 {[%clk 0:51:55]} Bxd5 {[%clk 1:00:32]} 21. Nh5
{[%clk 0:47:54]} Qb7 {[%clk 0:59:07]} 22. Nxf6+ {[%clk 0:42:01]} Rxf6
{[%clk 0:54:39]} 23. Qg4 {[%clk 0:40:12]} Raf8 {[%clk 0:52:53]} 24. Qh5
{[%clk 0:29:22]} h6 {[%clk 0:51:01]} 25. Ne6 {[%clk 0:29:14]} Rxf5
{[%clk 0:49:03]} 26. Qg6 {[%clk 0:29:29]} R8f7 {[%clk 0:49:01]} 27. Nxg7
{[%clk 0:22:43]} R5f6 {[%clk 0:49:15]} 0-1

[Event "European Youth Chess Championship B14"]
[Site "Prague, Top Hotel Prague"]
[Date "2012.08.19"]
[Round "3.3"]
[White "Bellahcene, Bilel"]
[Black "Sibashvili, Giorgi"]
[Result "1/2-1/2"]
[WhiteElo "2390"]
[BlackElo "2073"]
[PlyCount "0"]
[EventDate "2012.08.17"]

1. e4 {[%clk 1:30:56]} c5 {[%clk 1:30:53]} 2. Nf3 {[%clk 1:31:23]} d6
{[%clk 1:31:17]} 3. d4 {[%clk 1:31:48]} cxd4 {[%clk 1:31:43]} 4. Qxd4
{[%clk 1:32:15]} Nc6 {[%clk 1:31:04]} 5. Bb5 {[%clk 1:32:29]} Bd7
{[%clk 1:31:27]} 6. Bxc6 {[%clk 1:32:47]} Bxc6 {[%clk 1:31:51]} 7. Nc3
{[%clk 1:32:58]} Nf6 {[%clk 1:32:00]} 8. Bg5 {[%clk 1:33:23]} e6 {[%clk 1:31:57]}
9. Qd3 {[%clk 1:33:30]} Qa5 {[%clk 1:26:32]} 10. Bxf6 {[%clk 1:33:20]} gxf6
{[%clk 1:26:47]} 11. O-O-O {[%clk 1:30:11]} Be7 {[%clk 1:15:45]} 12. Nd4
{[%clk 1:29:18]} O-O {[%clk 1:09:02]} 13. f4 {[%clk 1:29:02]} Rfc8
{[%clk 1:06:16]} 14. Rhf1 {[%clk 1:23:58]} Kh8 {[%clk 1:01:30]} 15. f5
{[%clk 1:21:19]} Bd7 {[%clk 0:57:59]} 16. Rf3 {[%clk 1:21:26]} Qe5
{[%clk 0:48:40]} 17. Kb1 {[%clk 1:17:10]} Rg8 {[%clk 0:43:21]} 18. Rh3
{[%clk 1:16:51]} Rg7 {[%clk 0:40:47]} 19. Rh5 {[%clk 1:17:00]} Qf4
{[%clk 0:35:53]} 20. Qh3 {[%clk 1:13:57]} Rc8 {[%clk 0:19:56]} 21. Nde2
{[%clk 0:54:57]} Qf2 {[%clk 0:18:15]} 22. g4 {[%clk 0:54:49]} b5 {[%clk 0:16:59]}
23. Rf1 {[%clk 0:52:14]} Qb6 {[%clk 0:17:28]} 24. Nf4 {[%clk 0:49:03]} Kg8
{[%clk 0:12:29]} 25. g5 {[%clk 0:48:42]} fxg5 {[%clk 0:11:49]} 26. fxe6
{[%clk 0:32:33]} fxe6 {[%clk 0:05:47]} 27. Ncd5 {[%clk 0:32:46]} exd5
{[%clk 0:03:54]} 28. Qxd7 {[%clk 0:32:29]} Qc5 {[%clk 0:03:52]} 29. Qe6+
{[%clk 0:27:57]} Kh8 {[%clk 0:04:22]} 30. Rxh7+ {[%clk 0:22:54]} Kxh7
{[%clk 0:04:51]} 31. Qh3+ {[%clk 0:23:18]} Kg8 {[%clk 0:05:15]} 32. Qe6+
{[%clk 0:23:44]} Kh7 {[%clk 0:02:17]} 33. Qh3+ {[%clk 0:24:09]} Kg8
{[%clk 0:02:39]} 34. Qe6+ 1/2-1/2

[Event "European Youth Chess Championship B14"]
[Site "Prague, Top Hotel Prague"]
[Date "2012.08.19"]
[Round "3.4"]
[White "Foniak, Ivan"]
[Black "Sanal, Vahap"]
[Result "0-1"]
[WhiteElo "2067"]
[BlackElo "2387"]
[PlyCount "0"]
[EventDate "2012.08.17"]

1. e4 {[%clk 1:30:58]} e6 {[%clk 1:29:57]} 2. d4 {[%clk 1:31:19]} d5
{[%clk 1:30:17]} 3. Nc3 {[%clk 1:31:30]} dxe4 {[%clk 1:30:31]} 4. Nxe4
{[%clk 1:31:51]} Nf6 {[%clk 1:29:51]} 5. Nxf6+ {[%clk 1:31:33]} gxf6
{[%clk 1:30:12]} 6. Nf3 {[%clk 1:31:21]} Nc6 {[%clk 1:29:44]} 7. g3
{[%clk 1:31:14]} Qd5 {[%clk 1:30:04]} 8. Bg2 {[%clk 1:19:19]} Qe4+
{[%clk 1:29:09]} 9. Qe2 {[%clk 1:13:29]} Qxe2+ {[%clk 1:29:22]} 10. Kxe2
{[%clk 1:13:51]} b6 {[%clk 1:29:21]} 11. Kd1 {[%clk 1:06:17]} Bb7
{[%clk 1:29:05]} 12. c3 {[%clk 1:06:15]} O-O-O {[%clk 1:28:24]} 13. Kc2
{[%clk 1:06:10]} Bg7 {[%clk 1:25:36]} 14. Be3 {[%clk 1:02:18]} Ne7
{[%clk 1:22:47]} 15. Nh4 {[%clk 1:00:01]} Nd5 {[%clk 1:19:19]} 16. Bd2
{[%clk 0:55:24]} c6 {[%clk 0:56:44]} 17. f4 {[%clk 0:48:35]} Rd7 {[%clk 0:56:22]}
18. Rad1 {[%clk 0:45:13]} Rhd8 {[%clk 0:55:05]} 19. c4 {[%clk 0:42:54]} Ne7
{[%clk 0:54:52]} 20. Bc3 {[%clk 0:43:06]} f5 {[%clk 0:52:37]} 21. Nf3
{[%clk 0:35:22]} c5 {[%clk 0:47:39]} 22. d5 {[%clk 0:20:46]} Bxc3
{[%clk 0:46:12]} 23. bxc3 {[%clk 0:21:00]} f6 {[%clk 0:46:07]} 24. dxe6
{[%clk 0:19:29]} Be4+ {[%clk 0:46:10]} 25. Kc1 {[%clk 0:19:53]} Rd3
{[%clk 0:46:17]} 26. Rxd3 Rxd3 {[%clk 0:46:34]} 27. Ne1 {[%clk 0:10:23]} Rxc3+
{[%clk 0:46:37]} 28. Kd2 {[%clk 0:10:38]} Rxc4 {[%clk 0:46:39]} 0-1

[Event "European Youth Chess Championship B14"]
[Site "Prague, Top Hotel Prague"]
[Date "2012.08.19"]
[Round "3.5"]
[White "Ali Marandi, Cemil Can"]
[Black "Plenca, Jadranko"]
[Result "1-0"]
[WhiteElo "2362"]
[BlackElo "2061"]
[PlyCount "0"]
[EventDate "2012.08.17"]

1. e4 {[%clk 1:30:53]} e5 {[%clk 1:30:45]} 2. Nf3 {[%clk 1:31:14]} Nc6
{[%clk 1:30:42]} 3. Bb5 {[%clk 1:31:30]} a6 {[%clk 1:30:14]} 4. Ba4
{[%clk 1:31:57]} Nge7 {[%clk 1:30:29]} 5. O-O {[%clk 1:30:59]} g6
{[%clk 1:29:20]} 6. c3 {[%clk 1:30:32]} Bg7 {[%clk 1:28:35]} 7. d4
{[%clk 1:30:38]} exd4 {[%clk 1:28:23]} 8. cxd4 {[%clk 1:31:06]} b5
{[%clk 1:28:12]} 9. Bc2 {[%clk 1:31:24]} O-O {[%clk 1:27:23]} 10. Nc3
{[%clk 1:30:16]} d6 {[%clk 1:26:38]} 11. h3 {[%clk 1:28:58]} Na5 {[%clk 1:24:05]}
12. Bf4 {[%clk 1:22:29]} Bb7 {[%clk 1:22:23]} 13. Qe2 {[%clk 1:20:06]} Re8
{[%clk 1:16:02]} 14. Rad1 {[%clk 1:17:10]} Nc4 {[%clk 1:09:51]} 15. Bb1
{[%clk 1:13:55]} Nd5 {[%clk 1:04:27]} 16. Nxd5 {[%clk 1:11:40]} Bxd5
{[%clk 1:04:51]} 17. b3 {[%clk 1:09:44]} Nb6 {[%clk 1:04:24]} 18. Rfe1
{[%clk 1:06:09]} Rc8 {[%clk 0:58:03]} 19. Bd3 {[%clk 0:57:57]} Bxe4
{[%clk 0:52:09]} 20. Bxe4 {[%clk 0:58:19]} f5 {[%clk 0:52:19]} 21. Qc2
{[%clk 0:55:49]} fxe4 {[%clk 0:51:24]} 22. Rxe4 {[%clk 0:56:16]} Nd5
{[%clk 0:50:45]} 23. Rde1 {[%clk 0:52:05]} Qd7 {[%clk 0:49:45]} 24. Bg5
{[%clk 0:48:27]} Rf8 {[%clk 0:41:02]} 25. Bd2 {[%clk 0:37:14]} Rce8
{[%clk 0:37:36]} 26. Ba5 {[%clk 0:34:46]} Qf5 {[%clk 0:34:10]} 27. Nh4
{[%clk 0:32:52]} Qd7 {[%clk 0:32:42]} 28. Kh2 {[%clk 0:30:10]} c6
{[%clk 0:17:50]} 29. Bd2 {[%clk 0:21:49]} Nf6 {[%clk 0:15:02]} 30. R4e2
{[%clk 0:20:33]} Nd5 {[%clk 0:12:23]} 31. Nf3 {[%clk 0:19:55]} Rxe2
{[%clk 0:11:10]} 32. Rxe2 {[%clk 0:20:24]} Re8 {[%clk 0:11:03]} 33. Bg5
{[%clk 0:20:52]} Bf6 {[%clk 0:08:51]} 34. Bxf6 {[%clk 0:13:52]} Nxf6
{[%clk 0:09:02]} 35. Qd2 {[%clk 0:13:36]} Kg7 {[%clk 0:07:40]} 36. Rxe8
{[%clk 0:13:36]} Qxe8 {[%clk 0:07:46]} 37. Qa5 {[%clk 0:13:15]} Qc8
{[%clk 0:08:01]} 38. Qb6 {[%clk 0:12:50]} Nd5 {[%clk 0:06:52]} 39. Qa7+
{[%clk 0:12:19]} Nc7 {[%clk 0:06:14]} 40. Ng5 {[%clk 0:41:58]} Kg8
{[%clk 0:34:24]} 41. Ne4 {[%clk 0:39:25]} Nd5 {[%clk 0:33:02]} 42. Nxd6
{[%clk 0:37:54]} Qf8 {[%clk 0:29:21]} 43. Ne4 {[%clk 0:36:19]} Qf4+
{[%clk 0:29:28]} 44. Ng3 {[%clk 0:36:47]} Qxf2 {[%clk 0:29:41]} 45. Qa8+
{[%clk 0:37:09]} Kg7 {[%clk 0:29:33]} 46. Qb7+ {[%clk 0:36:58]} Kg8
{[%clk 0:29:36]} 47. Qxc6 {[%clk 0:36:25]} Qxd4 {[%clk 0:29:46]} 48. Qxa6
{[%clk 0:36:41]} b4 {[%clk 0:29:34]} 49. Qe6+ {[%clk 0:35:10]} Kg7
{[%clk 0:29:23]} 50. Ne4 {[%clk 0:34:28]} h5 {[%clk 0:26:44]} 51. Qd7+
{[%clk 0:24:33]} Kh6 {[%clk 0:26:08]} 52. Qe8 {[%clk 0:24:33]} Kg7
{[%clk 0:25:35]} 53. Qe6 {[%clk 0:24:38]} Kh6 {[%clk 0:24:57]} 54. Qe8
{[%clk 0:19:36]} Kg7 {[%clk 0:24:34]} 55. Qe6 {[%clk 0:15:18]} Kh6
{[%clk 0:24:40]} 56. Ng3 {[%clk 0:15:14]} Kg7 {[%clk 0:23:48]} 57. Ne2
{[%clk 0:13:01]} Qd2 {[%clk 0:23:08]} 58. Qe5+ {[%clk 0:11:59]} Kh7
{[%clk 0:22:25]} 59. Qd4 {[%clk 0:06:48]} Qxd4 {[%clk 0:22:14]} 60. Nxd4
{[%clk 0:07:06]} Nc3 {[%clk 0:22:38]} 61. Kg3 {[%clk 0:07:13]} Nxa2
{[%clk 0:22:47]} 62. Kf4 {[%clk 0:06:20]} Kg7 {[%clk 0:21:24]} 63. Ke5
{[%clk 0:05:51]} Kf7 {[%clk 0:18:25]} 64. Kd5 {[%clk 0:02:01]} Kf6
{[%clk 0:14:38]} 65. Kc4 {[%clk 0:02:25]} Ke5 {[%clk 0:09:32]} 66. Nc6+
{[%clk 0:02:36]} Kf4 {[%clk 0:07:47]} 67. Nxb4 {[%clk 0:02:48]} Nxb4
{[%clk 0:08:09]} 68. Kxb4 {[%clk 0:03:08]} g5 {[%clk 0:08:10]} 69. Kc4
{[%clk 0:02:34]} Kg3 {[%clk 0:08:35]} 70. b4 {[%clk 0:02:55]} Kxg2
{[%clk 0:08:44]} 71. b5 {[%clk 0:03:20]} Kxh3 {[%clk 0:09:03]} 72. b6
{[%clk 0:03:34]} g4 {[%clk 0:09:29]} 73. b7 {[%clk 0:04:01]} g3 {[%clk 0:09:50]}
74. b8=Q {[%clk 0:04:25]} g2 {[%clk 0:10:15]} 75. Qb6 {[%clk 0:04:35]} Kh2
{[%clk 0:10:18]} 76. Qf2 {[%clk 0:04:59]} 1-0

[Event "European Youth Chess Championship B14"]
[Site "Prague, Top Hotel Prague"]
[Date "2012.08.19"]
[Round "3.6"]
[White "Suarez Gomez, Julio"]
[Black "Korpa, Bence"]
[Result "0-1"]
[WhiteElo "2057"]
[BlackElo "2317"]
[PlyCount "0"]
[EventDate "2012.08.17"]

1. e4 {[%clk 1:30:48]} c5 {[%clk 1:30:47]} 2. d3 {[%clk 1:31:02]} d5
{[%clk 1:31:01]} 3. Nd2 {[%clk 1:30:58]} Nc6 {[%clk 1:30:19]} 4. g3
{[%clk 1:30:40]} Nf6 {[%clk 1:30:19]} 5. Bg2 {[%clk 1:30:41]} e5 {[%clk 1:30:34]}
6. Ngf3 {[%clk 1:29:36]} g6 {[%clk 1:30:12]} 7. O-O {[%clk 1:29:07]} Bg7
{[%clk 1:30:30]} 8. Re1 {[%clk 1:28:22]} O-O {[%clk 1:30:09]} 9. exd5
{[%clk 1:25:01]} Nxd5 {[%clk 1:30:25]} 10. Nc4 {[%clk 1:23:04]} Re8
{[%clk 1:29:41]} 11. a4 {[%clk 1:21:47]} h6 {[%clk 1:28:03]} 12. a5
{[%clk 1:11:15]} Rb8 {[%clk 1:25:55]} 13. Nfd2 {[%clk 1:00:45]} b6
{[%clk 1:14:44]} 14. axb6 {[%clk 0:58:06]} axb6 {[%clk 1:15:02]} 15. Ne4
{[%clk 0:56:40]} Be6 {[%clk 1:08:21]} 16. Ned6 {[%clk 0:47:55]} Re7
{[%clk 1:06:56]} 17. Nb5 {[%clk 0:48:02]} Rd7 {[%clk 0:52:47]} 18. Qe2
{[%clk 0:39:34]} Kh7 {[%clk 0:38:06]} 19. Ra3 {[%clk 0:30:54]} Ndb4
{[%clk 0:31:33]} 20. b3 {[%clk 0:25:33]} Bd5 {[%clk 0:29:34]} 21. Bxd5
{[%clk 0:24:01]} Nxd5 {[%clk 0:29:49]} 22. Bb2 {[%clk 0:24:03]} Re7
{[%clk 0:28:17]} 23. Qd1 {[%clk 0:19:55]} Nd4 {[%clk 0:22:49]} 24. Bxd4
{[%clk 0:18:13]} cxd4 {[%clk 0:21:11]} 25. Qa1 {[%clk 0:16:37]} Nb4
{[%clk 0:18:46]} 26. Re2 {[%clk 0:15:44]} Qd5 {[%clk 0:15:11]} 27. Ra7
{[%clk 0:12:23]} Rxa7 {[%clk 0:14:53]} 28. Qxa7 {[%clk 0:12:43]} Ra8
{[%clk 0:14:52]} 29. Nxb6 {[%clk 0:10:52]} Rxa7 {[%clk 0:15:12]} 30. Nxd5
{[%clk 0:11:14]} Ra1+ {[%clk 0:15:36]} 0-1

[Event "European Youth Chess Championship B14"]
[Site "Prague, Top Hotel Prague"]
[Date "2012.08.19"]
[Round "3.7"]
[White "Vavulin, Maksim"]
[Black "Vetrov, Gleb"]
[Result "1-0"]
[WhiteElo "2292"]
[BlackElo "2043"]
[PlyCount "0"]
[EventDate "2012.08.17"]

1. e4 {[%clk 1:30:59]} c6 {[%clk 1:30:55]} 2. d4 {[%clk 1:31:25]} d5
{[%clk 1:31:22]} 3. Nd2 {[%clk 1:31:51]} dxe4 {[%clk 1:31:46]} 4. Nxe4
{[%clk 1:32:17]} Bf5 {[%clk 1:31:44]} 5. Ng3 {[%clk 1:32:40]} Bg6
{[%clk 1:32:10]} 6. Nh3 {[%clk 1:32:57]} Nf6 {[%clk 1:32:34]} 7. Bc4
{[%clk 1:33:18]} e6 {[%clk 1:31:40]} 8. Nf4 {[%clk 1:33:39]} Bd6 {[%clk 1:31:58]}
9. Bb3 {[%clk 1:33:11]} Qc7 {[%clk 1:26:39]} 10. Qf3 {[%clk 1:33:34]} Nbd7
{[%clk 1:22:36]} 11. h4 {[%clk 1:24:13]} Nd5 {[%clk 1:17:01]} 12. Nxg6
{[%clk 1:22:08]} hxg6 {[%clk 1:16:26]} 13. Ne4 {[%clk 1:22:14]} Be7
{[%clk 1:12:23]} 14. g3 {[%clk 1:20:31]} N7f6 {[%clk 1:07:05]} 15. Ng5
{[%clk 1:18:46]} e5 {[%clk 1:04:17]} 16. Be3 {[%clk 1:17:30]} O-O
{[%clk 0:59:43]} 17. O-O-O {[%clk 1:16:17]} a5 {[%clk 0:54:22]} 18. a3
{[%clk 0:44:58]} a4 {[%clk 0:52:56]} 19. Ba2 {[%clk 0:44:58]} b5 {[%clk 0:47:09]}
20. Bxd5 {[%clk 0:27:46]} cxd5 {[%clk 0:47:14]} 21. dxe5 {[%clk 0:27:56]} Rac8
{[%clk 0:44:42]} 22. Rd2 {[%clk 0:27:34]} Qxe5 {[%clk 0:43:19]} 23. Bd4
{[%clk 0:27:28]} Qc7 {[%clk 0:42:13]} 24. Qd3 {[%clk 0:17:08]} Qc4
{[%clk 0:39:12]} 25. Qxc4 {[%clk 0:16:04]} Rxc4 {[%clk 0:39:09]} 26. Re1
{[%clk 0:16:08]} Bd8 {[%clk 0:35:26]} 27. Kb1 {[%clk 0:15:36]} Re8
{[%clk 0:34:27]} 28. Rxe8+ {[%clk 0:15:19]} Nxe8 {[%clk 0:34:51]} 29. b3
{[%clk 0:13:25]} axb3 {[%clk 0:34:38]} 30. cxb3 {[%clk 0:13:51]} Rc6
{[%clk 0:33:49]} 31. Nf3 {[%clk 0:12:20]} f6 {[%clk 0:33:10]} 32. Be3
{[%clk 0:11:54]} Nc7 {[%clk 0:29:11]} 33. Nd4 {[%clk 0:11:42]} Ra6
{[%clk 0:28:28]} 34. Kb2 {[%clk 0:11:25]} Be7 {[%clk 0:28:34]} 35. b4
{[%clk 0:10:39]} Bd6 {[%clk 0:28:48]} 36. Kb3 {[%clk 0:10:29]} Kf7
{[%clk 0:28:56]} 37. Rc2 {[%clk 0:09:07]} Ke7 {[%clk 0:27:59]} 38. Rc6
{[%clk 0:05:13]} Rxc6 {[%clk 0:27:37]} 39. Nxc6+ {[%clk 0:05:42]} Kd7
{[%clk 0:26:39]} 40. Na7 {[%clk 0:36:00]} Be5 {[%clk 0:55:44]} 41. Kc2
{[%clk 0:22:03]} d4 {[%clk 0:50:51]} 42. Bc1 {[%clk 0:21:13]} f5 {[%clk 0:48:09]}
43. Bg5 {[%clk 0:17:36]} f4 {[%clk 0:41:47]} 44. Bxf4 {[%clk 0:14:29]} Bxf4
{[%clk 0:41:32]} 45. gxf4 {[%clk 0:14:58]} Ne6 {[%clk 0:38:29]} 46. Kd3
{[%clk 0:15:21]} Kd6 {[%clk 0:38:53]} 47. Ke4 {[%clk 0:15:36]} d3
{[%clk 0:38:51]} 48. Kxd3 1-0

[Event "European Youth Chess Championship B14"]
[Site "Prague, Top Hotel Prague"]
[Date "2012.08.19"]
[Round "3.8"]
[White "Garriga Cazorla, Pere"]
[Black "Petrosyan, Manuel"]
[Result "0-1"]
[WhiteElo "2043"]
[BlackElo "2286"]
[PlyCount "0"]
[EventDate "2012.08.17"]

1. d4 {[%clk 1:30:57]} d5 {[%clk 1:30:46]} 2. c4 {[%clk 1:31:14]} dxc4
{[%clk 1:31:01]} 3. Nf3 {[%clk 1:31:28]} Nf6 {[%clk 1:31:13]} 4. e3
{[%clk 1:31:47]} a6 {[%clk 1:31:38]} 5. Bxc4 {[%clk 1:32:11]} e6 {[%clk 1:31:35]}
6. O-O {[%clk 1:31:57]} Be7 7. Bb3 {[%clk 1:30:59]} b5 {[%clk 1:30:47]} 8. a4
{[%clk 1:26:49]} b4 {[%clk 1:29:37]} 9. Qe2 {[%clk 1:25:43]} Bb7 {[%clk 1:29:21]}
10. Nbd2 {[%clk 1:24:59]} Nbd7 {[%clk 1:29:25]} 11. a5 {[%clk 1:19:13]} c5
{[%clk 1:28:04]} 12. Rd1 {[%clk 1:15:37]} O-O {[%clk 1:27:06]} 13. Nc4
{[%clk 1:13:13]} Qc7 {[%clk 1:20:26]} 14. Bd2 {[%clk 1:05:50]} Bd5
{[%clk 1:14:59]} 15. Be1 {[%clk 0:59:59]} Qb7 {[%clk 0:56:23]} 16. Ncd2
{[%clk 0:48:30]} Rfc8 {[%clk 0:49:21]} 17. Rdc1 {[%clk 0:43:46]} Rc7
{[%clk 0:44:19]} 18. Rc2 {[%clk 0:37:12]} Rac8 {[%clk 0:34:54]} 19. Rac1
{[%clk 0:35:07]} cxd4 {[%clk 0:30:32]} 20. exd4 {[%clk 0:31:55]} Rxc2
{[%clk 0:28:21]} 21. Rxc2 {[%clk 0:32:01]} Rxc2 {[%clk 0:28:31]} 22. Bxc2
{[%clk 0:32:22]} Qc7 {[%clk 0:28:00]} 23. Bd3 {[%clk 0:30:35]} Qxa5
{[%clk 0:27:15]} 24. Bxa6 {[%clk 0:30:09]} Qa2 {[%clk 0:24:46]} 25. Nf1
{[%clk 0:28:13]} Bxf3 {[%clk 0:22:03]} 26. gxf3 {[%clk 0:27:55]} Nd5
{[%clk 0:21:06]} 27. Bc4 {[%clk 0:17:47]} Nf4 {[%clk 0:16:31]} 28. Qxe6
{[%clk 0:17:35]} Nxe6 {[%clk 0:16:46]} 29. Bxa2 {[%clk 0:18:04]} Nxd4
{[%clk 0:17:15]} 30. Kg2 {[%clk 0:18:01]} Ne5 {[%clk 0:16:31]} 31. Bd2
{[%clk 0:15:07]} Ndxf3 {[%clk 0:13:32]} 32. Bd5 {[%clk 0:15:07]} Nxd2
{[%clk 0:12:36]} 33. Nxd2 {[%clk 0:15:31]} Nd3 {[%clk 0:12:58]} 34. Kf3
{[%clk 0:13:56]} Nxb2 {[%clk 0:13:11]} 35. Ke2 {[%clk 0:13:58]} Na4
{[%clk 0:13:18]} 36. Kd3 {[%clk 0:13:45]} g6 {[%clk 0:12:39]} 37. Nb3
{[%clk 0:10:47]} Kg7 {[%clk 0:11:42]} 38. Nd4 {[%clk 0:11:09]} Bc5
{[%clk 0:10:20]} 39. Nc6 {[%clk 0:10:45]} Nc3 {[%clk 0:07:44]} 40. Bb3
{[%clk 0:39:50]} f5 {[%clk 0:36:44]} 41. f3 {[%clk 0:40:09]} Kf6 {[%clk 0:35:53]}
42. h4 {[%clk 0:38:11]} Bd6 {[%clk 0:34:55]} 43. Kd2 {[%clk 0:35:38]} Nb5
{[%clk 0:33:00]} 44. Ke3 {[%clk 0:34:13]} Nc7 {[%clk 0:31:54]} 45. Ba2
{[%clk 0:31:46]} Ne6 {[%clk 0:31:30]} 46. Bc4 {[%clk 0:31:47]} Bc5+
{[%clk 0:30:39]} 47. Ke2 {[%clk 0:29:20]} Nf4+ {[%clk 0:29:40]} 48. Kf1
{[%clk 0:29:41]} Kg7 {[%clk 0:28:26]} 0-1

[Event "European Youth Chess Championship B14"]
[Site "Prague, Top Hotel Prague"]
[Date "2012.08.19"]
[Round "3.11"]
[White "Goldobin, Aleksei"]
[Black "Gajek, Radoslaw"]
[Result "0-1"]
[WhiteElo "2041"]
[BlackElo "2200"]
[PlyCount "90"]
[EventDate "2012.08.17"]

1. d4 Nf6 2. c4 e6 3. Nc3 Bb4 4. a3 Bxc3+ 5. bxc3 b6 6. f3 Ba6 7. e4 Nc6 8. Bd3
Na5 9. Qe2 Nb3 10. Rb1 Nxc1 11. Rxc1 O-O 12. Nh3 d6 13. O-O e5 14. f4 Qe7 15.
Rce1 c5 16. dxc5 dxc5 17. f5 Ne8 18. Nf2 Nd6 19. Ng4 f6 20. Ne3 Bb7 21. Nd5
Bxd5 22. cxd5 c4 23. Bxc4 Qc7 24. Ba2 Qxc3 25. Rf3 Qd4+ 26. Kh1 Rac8 27. h3 Rc3
28. Rxc3 Qxc3 29. Qe3 Rc8 30. Kh2 Qb2 31. Bb1 Rc3 32. Qe2 Qxa3 33. Rg1 b5 34.
Qf2 Qc5 35. Qe1 b4 36. Qf1 Qc4 37. Qf2 Qd4 38. Qxd4 exd4 39. Rd1 Rb3 40. Bc2
Rc3 41. Bb1 b3 42. Rxd4 Rc1 43. Bd3 Rd1 44. h4 a5 45. h5 b2 0-1

[Event "European Youth Chess Championship B14"]
[Site "Prague, Top Hotel Prague"]
[Date "2012.08.19"]
[Round "3.12"]
[White "Kovalev, Egor"]
[Black "Shtembuliak, Evgeny"]
[Result "0-1"]
[WhiteElo "1992"]
[BlackElo "2153"]
[PlyCount "132"]
[EventDate "2012.08.17"]

1. Nf3 Nf6 2. g3 b6 3. Bg2 Bb7 4. O-O e6 5. d4 c5 6. c4 cxd4 7. Nxd4 Bxg2 8.
Kxg2 Be7 9. Nc3 O-O 10. e4 d6 11. Be3 a6 12. Rc1 Qc7 13. f3 Nbd7 14. Qe2 Rac8
15. b3 Qb7 16. Rfd1 Rfe8 17. Qf2 Bf8 18. Nde2 b5 19. cxb5 axb5 20. a4 bxa4 21.
bxa4 d5 22. exd5 exd5 23. Nf4 Ng4 24. fxg4 d4+ 25. Kg1 dxe3 26. Qe2 Ne5 27.
Ncd5 Qa7 28. Rxc8 Rxc8 29. Kg2 Qxa4 30. Nxe3 Qe4+ 31. Kh3 Nf3 32. Qd3 Ng5+ 33.
Kh4 Qc6 34. Qd5 Qh6+ 35. Nh5 Ne6 36. g5 Be7 37. Kg4 Bxg5 38. Nf5 Qg6 39. Nh4
Qc2 40. Re1 Bxh4 41. gxh4 Qg6+ 42. Kf3 h6 43. Ng3 Qf6+ 44. Kg4 Qg6+ 45. Kf3
Rc3+ 46. Kf2 Qf6+ 47. Kg1 Qxh4 48. Qa8+ Kh7 49. Qe4+ Qxe4 50. Rxe4 Ng5 51. Re2
Nh3+ 52. Kf1 Rc1+ 53. Re1 Rxe1+ 54. Kxe1 Kg6 55. Ke2 f5 56. Kf3 Kf6 57. Ne2
Ng5+ 58. Kf4 Ne6+ 59. Kg3 g5 60. Kf3 Ke5 61. Kg3 h5 62. Ng1 f4+ 63. Kg2 g4 64.
h3 Ke4 65. h4 Nd4 66. Kh1 f3 0-1

[Event "European Youth Chess Championship B14"]
[Site "Prague, Top Hotel Prague"]
[Date "2012.08.19"]
[Round "3.13"]
[White "Popov, Andrey"]
[Black "Aleksanyan, Hrant"]
[Result "1/2-1/2"]
[WhiteElo "2130"]
[BlackElo "1898"]
[Annotator ",Microsoft"]
[PlyCount "81"]
[EventDate "2012.08.17"]

1. d4 d5 2. c4 e6 3. Nf3 Nf6 4. g3 Bb4+ 5. Bd2 Be7 6. Bg2 O-O 7. O-O c6 8. Qc2
Nbd7 9. Rd1 b6 10. b3 Bb7 11. Nc3 Rc8 12. e4 dxe4 13. Nxe4 c5 14. Nxf6+ Bxf6
15. Ng5 Bxg5 16. Bxb7 Rc7 17. dxc5 Nxc5 18. Bg2 Bxd2 19. Rxd2 Rd7 20. Rad1 Qc8
21. Rxd7 Nxd7 22. Qd2 Nf6 23. Qd6 Qb8 24. Qxb8 Rxb8 25. Rd6 Kf8 26. Rc6 Rd8 27.
Bf3 g5 28. Rc7 Rd7 29. Rc8+ Kg7 30. c5 bxc5 31. Rxc5 h6 32. b4 Rd3 33. Kg2 Ra3
34. Rc2 Nd5 35. Bxd5 exd5 36. Rd2 Ra4 37. Rxd5 Rxa2 38. Rd6 Ra4 39. b5 Ra5 40.
Rd7 Rxb5 41. Rxa7 $11 1/2-1/2